| 000 | 02052nam0a2200325 4500 | ||
|---|---|---|---|
| 001 | RU\NLR\BIBL_A\011657959 | ||
| 005 | 20220826123629.0 | ||
| 010 |
_a978-5-903759-27-9 _94500 |
||
| 021 |
_aRU _bКН-П-18-010340 _9КН-П-18-0723 |
||
| 035 | _a(NLR Aleph) 011657959 | ||
| 035 | _a(RuMoRGB)009546709 | ||
| 090 |
_a11166262 _c11166262 |
||
| 100 | _a20180316d2017 u y0rusy50 ca | ||
| 101 | 0 | _arus | |
| 102 | _aRU | ||
| 105 | _ay|||j|||000zy | ||
| 200 | 1 |
_aСовременные методы диагностики и лечения инфекций урогенитального тракта _eпособие для врачей _fМинистерство здравоохранения РФ, Федеральное государственное бюджетное образовательное учреждение высшего образования "Московский государственный медико-стоматологический университет им. А.И. Евдокимова", Кафедра кожных и венерических заболеваний _g[Перламутров Юрий Николаевич, засл. врач РФ и др.] |
|
| 210 |
_aМосква _cАй-Пи _d2017 |
||
| 215 |
_a18, [1] с. _d21 |
||
| 606 | 1 |
_aМочеполовые органы женщин _jРуководства, пособия и т.п _xИнфекции _92409568 _3RU\NLR\AUTH\661435770 |
|
| 686 |
_aР590.16,07 _2rubbk |
||
| 686 | 1 | _aР715.016я77 | |
| 702 | 1 |
_aПерламутров _bЮ. Н. _gЮрий Николаевич _4220 |
|
| 712 | 0 | 2 |
_4570 _aМосковский государственный медико-стоматологический университет им. А. И. Евдокимова _bКафедра кожных и венерических заболеваний _9595417 _3RU\NLR\AUTH\880466697 |
| 942 | _cBOOK | ||
| 980 | _aNBR | ||
| 980 | _aNB | ||